000 00831nam a22001937a 4500
005 20240320163229.0
010 _aHIN-127154
020 _a9789391599249
_c500.00
035 _aHN-99500
037 _bDBAD/PUB.
082 _a362.5
100 _aयादव,अरविन्द
_963690
245 _aदो रुपये और दो मुठ्ठी चावल/
_cअरविन्द यादव
260 _aदिल्ली
_bवैल्यू पब्लिकेशन्स
_c2021
270 _aबी-7 सरस्वती काम्प्लेक्स सुभाष चौक लक्ष्मी नगर
_bदिल्ली
_e110092
300 _a152 पृ;
_c23 सेमी (सजिल्द)
700 _963631
942 _adpl
_cHN
_2ddc
_h362.5
_mयादव
999 _c201661
_d201661